00410nam a2200157Ia 450000500170000000800410001704000190005804100120007708200160008910000200010524500440012526000320016930000100020165000310021185000100024220230322111141.0131103s9999 xx 000 0 und d aLoreto College aEnglish a822.91bEVA aEvans, E. Eynon aAccording to the doctorcE. Eynon Evans aLondonbSamuel frenchc1960 a75p.  aEnglish drama - collection aLCLIB